| 000 | 00593cam a2200217 i 4500 | ||
|---|---|---|---|
| 001 | 2280947 | ||
| 005 | 20180123050649.0 | ||
| 008 | 790516s1980 enka b 001 0 eng | ||
| 010 | _a 79015271 | ||
| 020 | _a0521227828 | ||
| 040 |
_aDLC _cDLC _dDLC |
||
| 041 | _aeng | ||
| 080 | _a338.009034 ber | ||
| 082 | _a338.009034 ber | ||
| 100 | 1 | _a20 | |
| 101 | _apol | ||
| 245 | 1 | 4 |
_aThe machinery question and the making of political economy, 1815-1848 / _cMaxine Berg. |
| 504 | _aBibliography: p. [343]-366. | ||
| 906 |
_a7 _bcbc _corignew _d1 _eocip _f19 _gy-gencatlg |
||
| 942 |
_2ddc _cBK |
||
| 999 |
_c40771 _d40771 |
||